000 00412pab a2200169 454500
008 180718b2001 xxu||||| |||| 00| 0 eng d
100 _aAhmad, Imtiaz
245 _aThe right to equality
260 _c2001
300 _ap.10
362 _a17 Jan
650 _aSocial inequality
650 _aCivil and political rights - India
650 _aCivil and political rights
773 _aHindu
909 _a48559
999 _c48559
_d48559